[Event "Israel Championship 2021"]
[Site "Haifa"]
[Date "2021.03.07"]
[Round "1.9"]
[White "Dvoirys, Semen I."]
[Black "Solomon, Asif"]
[Result "1/2-1/2"]
[WhiteElo "2483"]
[BlackElo "2356"]
[Annotator "TA"]
[PlyCount "49"]
[EventDate "2021.01.10"]
[EventType "swiss"]
[EventCountry "ISR"]
[SourceTitle "playchess.com"]
[Source "ChessBase"]
[SourceQuality "1"]

{[%evp 18,49,33,45,45,17,19,10,31,43,35,36,52,22,108,117,75,-69,-33,-168,-179,-160,-43,-25,0,0,0,0,0,0,0,0,0,0]} 1. e4 e5 2. Nf3 Nf6 3. Nxe5 d6 4. Nf3 Nxe4 5. d4 d5 6. Bd3 Bd6 7. O-O O-O 8. c4 c6 9. Re1 Bf5 10. Qb3 Qd7 {C42: Petroff Defence: 3 Nxe5 and unusual White 3rd moves.} 11. cxd5 cxd5 12. Nc3 Be6 13. Nb5 Nc6 {[%cal Bb8c6,Bc6b4,Bb4c2][%mdl 32]} 14. Nxd6 Qxd6 15. Qxb7 Nxf2 16. Kxf2 $16 Nb4 {[#]} 17. Bb5 $146 (17. Bb1 $16 Rfb8 18. Rxe6 $1 fxe6 19. Bxh7+ Kf8 20. Bf4 Qxf4 21. Qd7) ({Predecessor:} 17. Bb1 Rfb8 18. Rxe6 fxe6 19. Bxh7+ Kf8 20. Bf4 Qxf4 21. Qd7 Re8 22. g3 Qf7 23. Qa4 {½-½ (43) Mendl,M (2480)-Rezzuti,V (2423) ICCF email 2008}) 17... a6 (17... Rab8 $5 {[%cal Rb8b7]} 18. Qxa7 Rxb5 $17) 18. Ba4 {[#]} ({White should play} 18. Bg5 $15 Rfb8 19. Qe7 (19. Rxe6 $2 Qxe6 20. Qe7 Qxe7 $19) 19... Qxe7 20. Bxe7 Rxb5 21. Bxb4 Rxb4 22. Re2) 18... Rab8 $1 $19 {[%cal Rb8b7]} 19. Rxe6 Qxe6 (19... fxe6 $17 20. Qd7 Qb6) 20. Qd7 $15 {[%cal Rd7e6] Hoping for Qxe6.} Qxd7 (20... Nd3+ {keeps more tension.} 21. Kf1 Qe4 22. Bb3 Rbe8 23. Bd2 Qe2+) 21. Bxd7 {aiming for Ne1.The position is equal.} Nc2 {[%cal Rc2a1]} 22. Rb1 Na3 $1 {[%cal Ra3b1]} 23. Ra1 Nc2 24. Rb1 {And now Bf5 would win.} Na3 $1 {[%cal Ra3b1]} 25. Ra1 {Weighted Error Value: White=0.40/Black=0.26} 1/2-1/2

[Event "Israel Championship 2021"]
[Site "Haifa"]
[Date "2021.03.07"]
[Round "1.10"]
[White "Iliaguev, Nisim"]
[Black "Sokolovsky, Yahli"]
[Result "1/2-1/2"]
[WhiteElo "2332"]
[BlackElo "2472"]
[Annotator "TA"]
[PlyCount "95"]
[EventDate "2021.01.10"]
[EventType "swiss"]
[EventCountry "ISR"]
[SourceTitle "playchess.com"]
[Source "ChessBase"]
[SourceQuality "1"]

{[%evp 13,95,-12,-5,-5,0,0,0,-13,-10,-10,-13,-19,-7,-18,-14,-39,-42,-41,-33,-36,-39,-21,-31,-28,0,0,3,11,33,0,0,0,0,0,0,0,26,26,83,45,99,93,89,70,77,0,0,0,0,0,0,0,0,0,0,0,0,0,0,0,0,0,0,0,0,0,0,0,0,0,0,0,0,0,0,0,0,0,0,0,0,0,0,0]} 1. c4 c6 2. g3 d5 3. Bg2 Nf6 4. cxd5 cxd5 5. Nf3 Nc6 6. d4 Bf5 7. O-O e6 8. Qb3 {D13: Slav Defence: Exchange variation without ...Bf5.} Rb8 9. Nc3 h6 10. Bf4 Bd6 11. Bxd6 Qxd6 12. Nb5 {[#]} Qe7 $146 ({Predecessor:} 12... Qd8 13. Qa3 a6 14. Nd6+ Kd7 15. Nxf7 Qf8 16. Nxh8 Qxa3 17. bxa3 Rxh8 18. Ne5+ Nxe5 19. dxe5 {1-0 (37) Becker,G (1682)-Zoll,T (1503) Bad Bevensen 2010}) 13. Rac1 (13. Rfc1 {seems wilder.} O-O 14. e3 Rfc8 15. Qd1 Nd7 16. Nc3) 13... O-O 14. Qa3 Qxa3 15. bxa3 Bg4 16. e3 Ne4 {Strongly threatening ...Bxf3.} 17. Rfe1 a6 18. Nc3 {[%cal Bb5c3,Bc3a4,Ba4b6][%mdl 32]} f5 19. Na4 Bxf3 20. Bxf3 Kf7 21. Be2 Rfc8 22. Nb6 Rc7 23. Rc2 Nd6 24. Rec1 Nc8 25. Na4 N8e7 (25... Nd6 $11 {keeps the balance.}) 26. Rb1 Nc8 (26... Ra8 $14) 27. Nc5 $16 {Black must now prevent Nxa6!} Na5 28. Bxa6 b6 {[#] next ...Ra8 is good for Black.} 29. Bd3 Ra8 $1 $11 {The position is equal.} 30. Na4 Rxc2 31. Bxc2 Nc4 32. Bb3 N8d6 33. Bxc4 Rxa4 {[%mdl 4096] Endgame KRB-KRN} 34. Bf1 b5 35. Rb3 Ra5 36. Be2 Nc4 37. a4 Rxa4 38. Rxb5 Rxa2 39. Bxc4 dxc4 {KR-KR} 40. Rc5 Rc2 41. h4 g5 42. hxg5 hxg5 43. g4 fxg4 44. Kg2 Rc1 45. Kg3 Rg1+ 46. Kh2 Rc1 47. Kg3 Rg1+ 48. Kh2 {Weighted Error Value: White=0.05/Black=0.05} 1/2-1/2

[Event "Israel Championship 2021"]
[Site "Haifa"]
[Date "2021.03.07"]
[Round "1.11"]
[White "Kobo, Ori"]
[Black "Aizenberg, Benny"]
[Result "1-0"]
[WhiteElo "2460"]
[BlackElo "2307"]
[Annotator "TA"]
[PlyCount "51"]
[EventDate "2021.01.10"]
[EventType "swiss"]
[EventCountry "ISR"]
[SourceTitle "playchess.com"]
[Source "ChessBase"]
[SourceQuality "1"]

{[%evp 9,50,19,23,21,27,19,43,33,52,55,73,45,41,16,17,11,52,8,6,0,0,0,15,16,33,27,29,42,50,16,179,178,150,149,544,546,568,542,911,907,29977,29976,29999]} 1. Nf3 Nf6 2. c4 g6 3. Nc3 d5 4. cxd5 Nxd5 5. h4 Bg7 6. e4 {A16: English Opening: 1...Nf6 with ...d5.} Nxc3 7. dxc3 Qxd1+ 8. Kxd1 {White is slightly better.} Bg4 9. Kc2 Nd7 10. Nd4 a6 {[#]} 11. h5 $146 ({Predecessor:} 11. Be3 e5 12. Nb3 Be6 13. Na5 O-O-O 14. Bc4 Bxc4 15. Nxc4 h5 16. Rhd1 f5 17. Bg5 {½-½ (75) Yu,Y (2751)-Volokitin,A (2628) Riadh 2017}) 11... e5 $1 {[%cal Re5d4]} ({Don't play} 11... Bxh5 $6 12. f3 $16) 12. Nb3 O-O-O ({Wrong is} 12... Bxh5 $2 13. f3 $18) 13. h6 Bf8 14. Na5 Be6 15. Bc4 Bxc4 (15... Re8 {is interesting.} 16. f3 Rg8 17. Rf1 g5 18. g4 Bc5) 16. Nxc4 f6 17. b4 c5 18. a3 b5 19. Na5 c4 $2 (19... Nb6 $11 {and Black stays safe.}) 20. Nc6 $18 Re8 21. a4 {[#] Threatens to win with axb5.} Bd6 $2 {[%mdl 8192] Black cannot hold the game after this.} (21... Kb7 $16) 22. axb5 axb5 23. Na7+ Kb7 24. Rd1 Bb8 25. Rxd7+ Kb6 26. Be3# {Weighted Error Value: White=0.09/Black=0.91} 1-0

[Event "Israel Championship 2021"]
[Site "Haifa"]
[Date "2021.03.07"]
[Round "1.12"]
[White "Kochavi, Ori"]
[Black "Gruenfeld, Yehuda"]
[Result "0-1"]
[WhiteElo "2273"]
[BlackElo "2412"]
[Annotator "TA RC"]
[PlyCount "92"]
[EventDate "2021.01.10"]
[EventType "swiss"]
[EventCountry "ISR"]
[SourceTitle "playchess.com"]
[Source "ChessBase"]
[SourceQuality "1"]

{[%evp 15,92,25,25,-2,40,-18,-26,-38,-38,-38,-30,-51,-18,-22,0,-34,-37,-32,-32,-36,-39,-56,-60,-65,-72,-64,-60,-71,-63,-66,-77,-83,-90,-80,-91,-96,-86,-77,-77,-72,-77,-74,-75,-85,-71,-83,-33,-41,-46,-46,-47,-162,-143,-257,-226,-210,-212,-268,-239,-433,-438,-476,-476,-476,-476,-568,-547,-708,-713,-671,-661,-861,-855,-1322,-1316,-1247,-1236,-1158,-1099]} 1. e4 c5 2. Nf3 d6 3. d4 cxd4 4. Nxd4 Nf6 5. Nc3 a6 6. h3 e6 7. g4 d5 8. exd5 Nxd5 9. Bg2 {B81: Sicilian Scheveningen: Keres Attack.} Bb4 10. Bd2 ({Better is} 10. Nde2 $14) 10... Nxc3 $11 11. Bxc3 {Black has an edge.} Bxc3+ 12. bxc3 Qc7 13. Qf3 Nd7 {[%cal Bb8d7,Bd7c5,Bc5a4][%mdl 32]} 14. O-O O-O {[#]} 15. Rfd1 $146 ({Predecessor:} 15. Rfe1 Nc5 16. Nb3 Na4 17. Re3 Rb8 18. Rd1 Bd7 19. Qg3 Rbc8 20. c4 Nb2 21. Rd4 Nxc4 22. Qxc7 Rxc7 {1-0 (60) Schoen,R (2158)-Puth,D (2169) Heimbach Weis 2014}) 15... Nc5 16. Nb3 Na4 17. c4 Rb8 18. c5 Nxc5 19. Qc3 b6 20. Rab1 Bd7 21. Nxc5 bxc5 22. Rxb8 Rxb8 23. Qd3 Bb5 24. c4 Be8 25. Be4 g6 (25... Kf8 {is interesting.} 26. Bf3 h6 27. Rb1 Rxb1+ 28. Qxb1 Qf4) 26. Qd6 Qxd6 27. Rxd6 $17 {[%mdl 4096] Endgame [#] KRB-KRB} a5 $1 {[%cal Ba6a5,Ba5a4][%mdl 32]} 28. Ra6 {[#]} a4 $1 29. Ra5 Kf8 30. Rxc5 f5 31. Bf3 Rb2 32. Rc8 {Black must now prevent Bc6.} Ke7 (32... Rxa2 $6 33. Bc6 $16) 33. c5 (33. Rc7+ $15 Kd6 34. Rc8) 33... Rxa2 $19 34. c6 (34. Rc7+ $17 Kf6 35. Ra7) 34... Rc2 35. Ra8 Rc3 ({Don't play} 35... Bxc6 36. Bxc6 Rxc6 37. Rxa4 $17) 36. Kg2 a3 ({Less strong is} 36... Bxc6 37. Bxc6 Rxc6 38. Rxa4 $17) 37. Ra7+ $2 (37. g5) 37... Kd6 {Black is clearly winning.} 38. c7 Bd7 39. gxf5 gxf5 40. Bh5 e5 41. h4 Be6 42. Ra6+ Ke7 43. Ra7 Kd7 44. Be2 a2 45. Bb5+ Kd6 46. c8=Q Rxc8 {Weighted Error Value: White=0.46/Black=0.05} (46... Bxc8 $2 47. Rxa2 Bb7+ 48. Kh2 $19) 0-1

[Event "Israel Championship 2021"]
[Site "Haifa"]
[Date "2021.03.07"]
[Round "1.13"]
[White "Parkhov, Yair"]
[Black "Parnes, Nadav"]
[Result "1/2-1/2"]
[WhiteElo "2407"]
[BlackElo "2273"]
[Annotator "TA"]
[PlyCount "139"]
[EventDate "2021.01.10"]
[EventType "swiss"]
[EventCountry "ISR"]
[SourceTitle "playchess.com"]
[Source "ChessBase"]
[SourceQuality "1"]

{[%evp 15,139,43,41,47,75,78,122,121,123,127,177,91,98,99,99,97,89,84,132,125,148,79,93,86,76,71,82,84,102,79,106,103,114,91,131,109,107,85,72,72,64,62,83,89,96,24,137,32,200,40,139,19,225,160,250,0,0,0,0,-14,-3,-68,0,-7,333,0,0,0,0,0,0,0,9,-8,-8,-109,-117,-425,-350,-725,-226,-226,-226,-226,-133,-133,-133,-133,-133,-133,-133,-133,-133,-133,-8,-8,-8,-8,-8,-8,-8,-8,-8,-8,-7,-8,0,0,0,-8,-8,-120,0,-8,-8,-8,-8,-8,-8,-8,0,-8,-8,-8,-8,-8]} 1. e4 d6 2. d4 Nf6 3. Nc3 g6 4. Bf4 c6 5. Qd2 Bg7 6. Bh6 Bxh6 7. Qxh6 Qa5 8. Bd3 c5 9. d5 {[#] B07: Pirc Defence: Miscellaneous Systems.} Bd7 $146 ({Predecessor:} 9... Nbd7 10. Nf3 b5 11. Bxb5 Rb8 12. Bxd7+ Bxd7 13. O-O Rxb2 14. e5 Qxc3 15. exf6 Qxf6 16. Rab1 Rb6 {1-0 (25) Vachier Lagrave,M (2779)-Dominguez Perez,L (2739) chess.com INT 2018}) 10. O-O-O Ng4 11. Qg7 {[%cal Rg7h8] White is better.} Rf8 12. Nh3 h6 13. Rhe1 (13. f3 $1 $18 {[%cal Rf3g4]} Ne3 14. Rde1 (14. Qxh6 Nxd1 15. Rxd1 Bxh3 $11)) 13... Na6 $16 14. Bxa6 Qxa6 15. e5 $1 {[%cal Re5e6]} Nxe5 16. f4 Bxh3 17. fxe5 Bg4 18. Rd2 ({White should play} 18. exd6 Qxd6 19. Rd2) 18... O-O-O 19. Qxh6 Bd7 20. Qh4 Rde8 21. Rde2 Qb6 22. Qf4 Rd8 23. h3 f6 24. exd6 exd6 25. Re7 g5 26. Qf2 f5 27. Qg3 Rg8 28. a3 c4 29. Kb1 Qc5 30. R1e2 (30. Rf7 $1 $16) 30... a5 (30... b5 $1 $11) 31. Qe1 (31. a4 $1 $16) 31... b6 $2 (31... b5 $1 $14) 32. Rf7 $2 (32. a4 $1 $18) 32... Rge8 (32... b5 $1 $14) 33. Ree7 (33. a4 $1 $16) 33... Qd4 $2 (33... b5 $11) 34. Ka2 Qc5 (34... f4 $16 {was worth a try.} 35. Re4 Rxe4 36. Qxe4 Qxe4 37. Nxe4 b5) 35. Qd2 $2 ({White must play} 35. a4 $1 $18) 35... Rxe7 36. Rxe7 {aiming for a4.} b5 {[%cal Bb6b5,Bb5b4][%mdl 32]} 37. Ne2 b4 38. Qd4 (38. axb4 $11 axb4 39. Kb1) 38... Bb5 (38... Re8 $15 39. Rxe8+ Bxe8) 39. c3 {Strongly threatening axb4.} (39. Ra7 {with more complications.} Re8 40. axb4 axb4 41. Qg7 b3+ 42. Kb1) 39... Re8 $2 {[%mdl 8192]} (39... b3+ $11 {and Black has nothing to worry.} 40. Kb1 Re8 41. Rxe8+ Bxe8) 40. Rxe8+ $2 (40. cxb4 $18 axb4 41. axb4 Qxd4 42. Rxe8+ Bxe8 43. Nxd4) 40... Bxe8 $11 41. axb4 axb4 42. cxb4 Qxb4 43. Nc3 Ba4 44. Qa7 Bc2 45. Ka1 (45. Qa6+ $11 Kb8 46. Qb5+ Qxb5 47. Nxb5) 45... Qc5 $1 $17 {[%cal Rc5a7]} 46. Qxc5+ {[%mdl 8192]} (46. Qa8+ $17 {is tougher.} Kc7 47. Ka2) 46... dxc5 {[%mdl 4096] Endgame KB-KN} 47. Ne2 $2 (47. b3 cxb3 48. Na4 b2+ 49. Nxb2) 47... f4 $2 (47... Kc7 48. Ka2 Bd3) 48. Ng1 $19 Be4 49. Nf3 Kd7 (49... Bxd5 $19 50. Nxg5 Bxg2) 50. Nxg5 $17 Bxg2 51. Kb1 Kd6 $1 {[%cal Rd6d5]} 52. Kc2 Kxd5 {Hoping for ...f3.} 53. Kd2 {[#] intending h4.} Ke5 $1 54. Ke2 Bd5 ({Black should try} 54... Bc6 $17 55. Nf3+ Kf5) 55. Nf3+ $11 Kf5 56. Kf2 Be6 57. Nd2 Ke5 {...Kd4 is the strong threat.} 58. Nf3+ Kf6 59. Kg2 Kf5 60. Kf2 Bd7 61. Nd2 Bb5 62. Nb1 Ke5 63. Na3 {[#]} (63. Nd2 $11 {keeps the balance.}) 63... Bd7 (63... Ba6 $1 $17 {Black wants to play ...Ke4.} 64. Nb1 Bc8) 64. Nxc4+ {The position is equal.} Kd4 65. Nd6 Kd5 66. Nf7 Bxh3 {And now ...Bg4 would win.} 67. Kf3 Kc4 68. Ne5+ Kb3 69. Nd3 c4 70. Ne5 {Never resign too early!  Weighted Error Value: White=0.49/Black=0.50} 1/2-1/2

[Event "Israel Championship 2021"]
[Site "Haifa"]
[Date "2021.03.07"]
[Round "1.14"]
[White "Lahav, Michal"]
[Black "Ben Ari, Yannay"]
[Result "1/2-1/2"]
[WhiteElo "2216"]
[BlackElo "2403"]
[Annotator "TA"]
[PlyCount "36"]
[EventDate "2021.01.10"]
[EventType "swiss"]
[EventCountry "ISR"]
[SourceTitle "playchess.com"]
[Source "ChessBase"]
[SourceQuality "1"]

{[%evp 21,36,30,36,40,49,9,31,8,8,8,8,14,19,2,0,0,6]} 1. e4 c5 2. c3 Nf6 3. e5 Nd5 4. Nf3 Nc6 5. Bc4 Nb6 6. Bb3 d5 7. exd6 Qxd6 8. O-O Bf5 9. d4 cxd4 10. Nxd4 Nxd4 11. cxd4 e6 12. Nc3 {B22: Sicilian: 2 c3.} Be7 13. d5 (13. Qf3 {with more complications.} O-O 14. d5 Qd7 15. dxe6 Bxe6 16. Rd1) 13... exd5 14. Nxd5 {White is slightly better.} Nxd5 {The position is equal.} 15. Qxd5 Qxd5 16. Bxd5 O-O {[#]} 17. Bxb7 $146 ({Predecessor:} 17. Bf4 Bf6 18. Rad1 Bxb2 19. Bxb7 Rad8 20. Bc7 Rxd1 21. Rxd1 Re8 22. h3 h6 23. Bd5 {½-½ (44) Dzhumaev,M (2494)-Farid,F (2251) Tashkent 2012}) 17... Rab8 18. Bd5 Bf6 {Weighted Error Value: White=0.15/Black=0.05} 1/2-1/2

[Event "Israel Championship 2021"]
[Site "Haifa"]
[Date "2021.03.07"]
[Round "1.15"]
[White "Rozen, Eytan"]
[Black "Stolyarsky, Yegor"]
[Result "1-0"]
[WhiteElo "2399"]
[BlackElo "2063"]
[Annotator "TA"]
[PlyCount "117"]
[EventDate "2021.01.10"]
[EventType "swiss"]
[EventCountry "ISR"]
[SourceTitle "playchess.com"]
[Source "ChessBase"]
[SourceQuality "1"]

{[%evp 14,117,37,35,50,57,52,55,70,48,65,57,116,101,130,-10,0,0,0,7,0,0,0,-27,-14,-14,-6,-17,-15,-43,-44,-94,-79,-77,-84,-185,-180,-177,-147,-147,-147,-151,-166,-156,-127,-122,-87,-96,-71,-145,-180,-151,-16,-16,-16,-25,-19,-30,47,35,38,23,32,32,32,32,31,13,13,15,52,41,161,142,154,133,176,187,319,144,431,408,1085,379,1072,1084,873,1102,1000,1000,1135,1122,1066,840,1086,1081,1019,1041,1000,855,815,654,6605,5119,29982,29979]} 1. b3 Nf6 2. g3 g6 3. Bb2 Bg7 4. Nf3 O-O 5. Bg2 d6 6. d4 c6 {6...c5 gains popularity.} 7. O-O Bf5 8. Nbd2 Ne4 {A49: 1 d4 Nf6 2 Nf3 g6 3 g3: Anti-King's Indian systems.} 9. Nh4 Nxd2 10. Qxd2 Bd7 {White is slightly better.} 11. c4 Na6 {[#]} 12. f4 $146 ({Predecessor:} 12. e4 Qc8 13. Rfe1 c5 14. d5 Bxb2 15. Qxb2 e5 16. dxe6 Bxe6 17. Rad1 Qc7 18. Qf6 {1-0 (27) Trifunovic,M (2295)-Dinic,M Pozarevac 2009}) 12... Qc7 ({Better is} 12... e5 $14) 13. f5 Rad8 14. d5 (14. e4 $16) 14... Qb6+ 15. Kh1 Bxb2 16. Qxb2 Qe3 $1 17. Rad1 Nc5 $1 18. f6 exf6 19. Qxf6 Ne4 20. Qf3 Qxf3 21. Nxf3 c5 22. Ne5 {[#]} Nxg3+ $1 23. hxg3 dxe5 24. Rf6 (24. Kh2 $17) 24... Bf5 $1 $19 25. Rf1 Kg7 26. R1xf5 gxf5 27. Rxf5 $17 {[%mdl 4096] Endgame KRR-KRB} f6 28. Be4 Rf7 29. Rh5 Rh8 30. Bf5 Kf8 31. d6 {[#]} (31. Rh6 $142) 31... Rg7 $1 32. Rh6 Kf7 (32... Rxg3 $17 {Threatens to win with ...Kf7.} 33. Rxf6+ Kg7) 33. g4 $11 Rd8 34. d7 Ke7 35. Kg2 a6 (35... Rxd7 $11 36. Bxd7 Kxd7) 36. Kf3 $14 b5 37. Ke4 bxc4 38. bxc4 Rxd7 39. Bxd7 Kxd7 40. Rxf6 Rxg4+ $11 {KR-KR} 41. Kd5 {Black should prevent e4.} e4 42. Rxa6 {Hoping for Ra7+.} e3 ({Black should play} 42... Rg5+ $1 $14 43. Kxe4 Rg4+ 44. Kd3 Rd4+ 45. Kc3 Re4) 43. Ra7+ $18 ({Don't take} 43. Kxc5 $6 Rg2 $14) 43... Kd8 {[#]} 44. Ra3 $1 ({Much weaker is} 44. Kxc5 $6 Rg2 $11) 44... Rg5+ 45. Kd6 {[%cal Ra3a8]} Kc8 (45... Rg6+ {is a better defense.} 46. Kxc5 Rg5+ 47. Kc6 Rg6+ 48. Kb5 Kc7 49. Ra7+ (49. Rxe3 Rb6+ 50. Kc5 Rc6+ 51. Kd4 Rd6+ 52. Kc3 h5 $18) 49... Kd8) 46. Kc6 (46. Rxe3 $18 {is the precise move to win. Black must now prevent Re8+.} h5 47. a4) 46... Kb8 $2 {[%mdl 8192]} (46... Rg6+ $16 {keeps fighting.} 47. Kxc5 Re6 48. Ra8+ Kb7) 47. Rxe3 h5 (47... Rg8 $142 48. Rb3+ Kc8) 48. Re8+ Ka7 49. e4 Rg6+ 50. Kxc5 Rh6 51. Rf8 h4 52. Rf2 Kb7 53. e5 h3 54. Rh2 Kc7 55. Kd5 Kd7 56. a4 {[%cal Ba2a4,Ba4a5][%mdl 32]} Kc7 57. a5 Kb7 58. c5 Ka6 59. e6 {What a bad dream for Black.  Weighted Error Value: White=0.21/Black=0.33} 1-0

[Event "Israel Championship 2021"]
[Site "Haifa"]
[Date "2021.03.07"]
[Round "1.16"]
[White "Katz, Kiril"]
[Black "Gorshtein, Ido"]
[Result "0-1"]
[WhiteElo "1957"]
[BlackElo "2387"]
[Annotator "TA"]
[PlyCount "66"]
[EventDate "2021.01.10"]
[EventType "swiss"]
[EventCountry "ISR"]
[SourceTitle "playchess.com"]
[Source "ChessBase"]
[SourceQuality "1"]

{[%evp 9,66,-26,-19,-91,-56,-98,6,-53,-41,-77,-80,-71,-79,-85,-90,-102,-83,-85,-85,-102,-79,-91,-70,-186,-181,-179,-188,-184,-141,-216,-208,-229,-206,-206,-199,-192,-171,-158,-108,-108,-100,-229,-200,-354,-356,-346,-352,-540,-540,-540,-540,-533,-526,-547,-538,-522,-513,-525,-516]} 1. e4 c6 2. d4 d5 3. e5 Bf5 4. h4 h5 5. Bg5 Qb6 6. Bd3 {B12: Caro-Kann: Advance Variation.} (6. b3 $11 {remains equal.}) 6... Bxd3 $17 {6...Qxd4 is more fashionable.} 7. Qxd3 e6 (7... Qxb2 $17 8. Qc3 Qxc3+ 9. Nxc3 e6) 8. Qb3 {[#]} (8. Nd2 $11) 8... c5 $146 ({Predecessor:} 8... Qxb3 9. axb3 c5 {½-½ (9) Molnar,L (1871)-Canak,M (1880) Belgrade 2016}) 9. Be3 cxd4 10. Qxb6 axb6 11. Bxd4 Nc6 12. Ne2 Nh6 13. Nd2 Bc5 14. Nf3 Bxd4 15. Nexd4 Ng4 16. c4 ({White should try} 16. Nxc6 $15 bxc6 17. O-O) 16... dxc4 $19 (16... Ncxe5 17. cxd5 exd5 18. Nxe5 $15) 17. Nxc6 bxc6 18. O-O b5 19. a4 (19. b3 $17) 19... O-O ({Resist} 19... bxa4 20. Rfc1 $17) 20. Nd4 Nxe5 21. axb5 cxb5 22. Nxb5 Nd3 23. Nd6 Rxa1 24. Rxa1 Nxb2 $17 {[%mdl 4096] Endgame KRN-KRN} 25. Ne4 {This move loses the game for White.} (25. Ra6 $17) 25... Rc8 26. Rc1 (26. Nc3 {was called for.}) 26... Nd3 $19 27. Rc3 Nf4 {Hoping for ...Ne2+.} 28. Nd6 (28. Kf1 {was worth a try.}) 28... Ne2+ {[%mdl 64] [#] Double Attack. Black is clearly winning.} 29. Kf1 Nxc3 30. Nxc8 Nd5 31. g3 c3 {( -> ...c2)} 32. Ke2 Nb4 33. f4 Nc6 {Weighted Error Value: White=0.44/Black=0.18} 0-1

[Event "Israel Championship 2021"]
[Site "Haifa"]
[Date "2021.03.08"]
[Round "2.1"]
[White "Gruenfeld, Yehuda"]
[Black "Nabaty, Tamir"]
[Result "0-1"]
[WhiteElo "2412"]
[BlackElo "2638"]
[Annotator "TA"]
[PlyCount "106"]
[EventDate "2021.01.10"]
[EventType "swiss"]
[EventCountry "ISR"]
[SourceTitle "playchess.com"]
[Source "ChessBase"]
[SourceQuality "1"]

{[%evp 9,106,16,11,-5,8,-10,0,-6,9,-23,0,-6,0,-10,-7,-4,-10,-10,-3,-13,0,0,0,0,0,0,-9,0,0,0,0,-5,-10,0,0,-7,-17,-16,0,0,0,0,0,0,0,0,0,-13,-12,-23,-36,-28,-35,-68,-43,-66,-68,-68,-75,-143,-104,-153,-155,-202,-189,-187,-201,-250,-230,-228,-133,-137,-140,-387,-368,-377,-347,-305,-330,-308,-313,-316,-313,-354,-370,-347,-345,-777,-817,-752,-739,-12797,-5397,-29978,-29979,-29977,-12822,-5222,-4542]} 1. e4 e5 2. Nf3 Nc6 3. Bb5 a6 4. Ba4 Be7 5. Bxc6 dxc6 6. d3 {[#] C70: Ruy Lopez: 3...a6 4 Ba4, Norwegian and Delayed Schliemann.} f6 $146 ({Predecessor:} 6... Qd6 7. Nbd2 Be6 8. b3 f6 9. Nc4 Qd7 10. O-O O-O-O 11. Qe2 Qe8 12. a4 h5 {½-½ (34) Maksutov,S (2235)-Duplenko,V (2322) ICCF email 2011}) 7. h3 c5 8. Be3 {The position is equal.} Be6 9. Nbd2 Bd6 10. c3 Ne7 11. d4 cxd4 12. cxd4 exd4 13. Nxd4 Bf7 14. Qc2 c5 15. N4f3 Rc8 16. Nc4 b5 17. Nxd6+ Qxd6 18. O-O O-O 19. Rfd1 Qc7 20. Rac1 {[%cal Re3c5]} c4 21. Nd4 Ng6 22. Nf5 Be6 23. Nd4 Rfe8 24. Nxe6 Rxe6 25. Rd4 Rd6 26. Rxd6 Qxd6 27. Rd1 Qe6 28. Rd4 Ne5 29. Qd2 Nc6 30. Rd7 Qxe4 31. f3 Qf5 32. Bf4 Re8 33. Rd5 Qb1+ 34. Kh2 (34. Kf2 $142) 34... Qe1 ({Don't play} 34... Qxa2 $6 35. Rd6 $11) 35. Qxe1 Rxe1 $17 {[%mdl 4096] Endgame KRB-KRN} 36. Rd6 Ne7 37. Rxa6 Nd5 38. Ra8+ Kf7 39. Ra7+ Re7 (39... Ke6 $19 40. Ra6+ Kf5) 40. Rxe7+ Kxe7 {KB-KN} 41. Bd2 {Now White is beyond hope.} (41. Kg3 $17 {is the only way for White.}) 41... Kd6 42. Kg1 Kc5 43. Kf2 Kd4 $1 {[%cal Rd4d3]} 44. Ke2 c3 45. Bc1 {[#]} Nf4+ $1 {[%mdl 512]} 46. Kf1 {[#] next bxc3+ is good for White.} Kd3 {Strongly threatening ...Ne2.} 47. bxc3 Ne2 48. Ba3 (48. Bb2 Nxc3 49. a3) 48... Nxc3 $19 49. Bf8 Nxa2 50. Bxg7 b4 {[%cal Bb5b4,Bb4b3][%mdl 32]} 51. Bxf6 Nc3 52. Be7 {[#]} b3 $1 {( -> ...b2)} 53. Ba3 {[#]} Kc2 $1 {Weighted Error Value: White=0.39/Black=0.06} 0-1

[Event "Israel Championship 2021"]
[Site "Haifa"]
[Date "2021.03.08"]
[Round "2.2"]
[White "Rozen, Eytan"]
[Black "Postny, Evgeny"]
[Result "1/2-1/2"]
[WhiteElo "2399"]
[BlackElo "2605"]
[Annotator "TA"]
[PlyCount "91"]
[EventDate "2021.01.10"]
[EventType "swiss"]
[EventCountry "ISR"]
[SourceTitle "playchess.com"]
[Source "ChessBase"]
[SourceQuality "1"]

{[%evp 14,91,8,2,0,0,0,6,6,0,0,0,0,0,4,-8,-10,-18,-16,-26,-22,-25,-20,-95,-102,-68,-79,-75,-48,-46,-54,-56,-55,-52,-56,-89,-89,-96,-97,-90,-55,-71,-56,-77,-49,-55,-55,-49,-56,-56,-52,-64,-66,-89,-42,-42,0,0,0,-41,0,0,0,-8,0,0,0,0,0,0,0,0,0,0,0,0,0,0,0,0]} 1. e4 e6 2. d4 d5 3. Nc3 Bb4 4. Nge2 dxe4 5. a3 Bxc3+ 6. Nxc3 Nc6 7. d5 exd5 8. Qxd5 Be6 {C15: French: 3 Nc3 Bb4: Unusual White 4th moves.} 9. Qxd8+ Rxd8 10. Bf4 f5 11. Bxc7 Rd7 12. Bf4 Nf6 {[#]} 13. Bb5 $146 ({Predecessor:} 13. Be2 Ke7 14. O-O Nd4 15. Bd1 Rc8 16. Re1 Kf7 17. Rc1 h6 {½-½ (17) Matta,V (2300)-Liu,Z (2380) Novi Sad 2019}) 13... Kf7 14. f3 exf3 15. gxf3 Rc8 16. Be3 Nd5 17. Nxd5 Rxd5 18. Bc4 (18. Bxc6 $11 {keeps the balance.} Rxc6 19. Rc1) 18... Re5 $17 19. Bxe6+ Rxe6 20. Kf2 {[#]} Nb4 $1 21. axb4 {Black must now prevent c3.} Rxc2+ {[%mdl 64] Double Attack} 22. Kg3 Rxe3 23. Rxa7 $15 {[%mdl 4096] Endgame KRR-KRR} Re7 24. Rd1 Rxb2 25. Rd5 Rxb4 26. Rxf5+ Kg6 27. Rd5 Rf7 28. Raa5 h6 29. h4 Rbf4 30. h5+ Kh7 31. Ra3 R7f5 (31... b6 {feels hotter.} 32. Re3 R4f5 33. Rxf5 Rxf5 34. Kg4 Rf7) 32. Rxf5 Rxf5 {KR-KR} 33. Ra7 Rb5 34. f4 Kg8 35. Ra8+ Kf7 36. Rb8 Rb1 37. Kg4 {The position is equal.} Ke6 38. Kf3 Kd6 39. Rg8 Rb3+ 40. Kf2 Rb2+ 41. Kf3 Rb3+ 42. Kf2 Kd5 43. Rxg7 Ke4 44. Rg6 Kxf4 45. Rxh6 Rb2+ 46. Ke1 {Weighted Error Value: White=0.09/Black=0.07} 1/2-1/2